000 00374 a2200157 4500
001 75022
020 _a9788581682761
040 _cAnchieta - Colégio São Paulo
100 _aDantas, Zélia Maria Wanderley
240 1 0 _aUma lição para o Saci
_lpor
245 1 0 _aUma lição para o Saci
300 _a32
362 0 _a0
650 4 _aLiteratura infantil
942 _cBK
999 _c75022
_d75022